| 000 | 00641cam a22002173a 4500 | ||
|---|---|---|---|
| 001 | 41003 | ||
| 003 | PGUSA | ||
| 005 | 20140828083924.0 | ||
| 008 | 121009s2012||||xxu|||||s|||||000 | eng d | ||
| 040 |
_aPGUSA _beng |
||
| 042 | _adc | ||
| 100 | 1 |
_aLe Queux, William, _d1864-1927 |
|
| 245 | 1 | 4 |
_aThe Eye of Istar : _bA Romance of the Land of No Return _h[electronic resource] / _cWilliam Le Queux |
| 260 |
_bProject Gutenberg, _c2012 |
||
| 506 | _aPublic domain in the USA. | ||
| 516 | _aElectronic text | ||
| 700 | 1 | _aPearse, Alfred | |
| 830 | 0 |
_aProject Gutenberg _v41003 |
|
| 856 | 4 | 0 | _uhttp://www.gutenberg.org/ebooks/41003 |
| 942 | _cEB | ||
| 999 |
_c270255 _d270255 |
||